中国汽车品牌 - Statistics

General Stats
  • This quiz has been taken 96 times
  • The average score is 13 of 24
Answer Stats
Picture Answer % Correct
比亚迪
99%
红旗
94%
五菱
90%
吉利
88%
理想
82%
小米
81%
领克
73%
小鹏
71%
长安
69%
蔚来
67%
奇瑞
65%
广汽
64%
问界
57%
极氪
48%
坦克
46%
哪吒
45%
腾势
37%
零跑
35%
捷途
29%
捷达
23%
埃安
21%
深蓝
21%
启源
17%
奔腾
12%
No matching quizzes found
Score Distribution
Percent of People with Each Score
Percentile by Number Answered
Your Score History
You have not taken this quiz